[Event "Pelotas Gaucho op"]
[Site "Pelotas"]
[Date "2023.10.15"]
[Round "7"]
[White "Souza, Vitor Gabriel Batis"]
[Black "Da Silva Borges, Rodrigo"]
[Result "0-1"]
[WhiteElo "1523"]
[BlackElo "2183"]
[PlyCount "60"]
[EventDate "2023.10.12"]
[EventType "swiss"]
[EventRounds "7"]
[EventCountry "BRA"]
[SourceTitle "Mega2024 Update 01"]
[Source "Chessbase"]
[SourceDate "2023.11.12"]
[SourceVersion "1"]
[SourceVersionDate "2023.11.12"]
[SourceQuality "1"]

1. e4 c5 2. Nf3 d6 3. Bb5+ Bd7 4. Bxd7+ Qxd7 5. d4 cxd4 6. Nxd4 Nf6 7. 0-0 g6 8. Nc3 Bg7 9. f4 Nc6 10. f5 Nxe4 11. Nxc6 Nxc3 12. Qe1 bxc6 13. f6 Bxf6 14. Rxf6 Nd5 15. Rf3 f5 16. c4 Nf6 17. c5 0-0 18. Bh6 Rf7 19. Rd1 Ne4 20. b4 Re8 21. g4 d5 22. b5 e5 23. gxf5 Rxf5 24. Rh3 Nxc5 25. bxc6 Qxc6 26. Qc3 Qb6 27. Kh1 Ne4 28. Qe1 Nf2+ 29. Kg2 Nxd1 30. Qxd1 Qf2+ 0-1

[Event "Pelotas Gaucho op"]
[Site "Pelotas"]
[Date "2023.10.13"]
[Round "4"]
[White "Taketa, Raykon Shizuka"]
[Black "Souza, Vitor Gabriel Batis"]
[Result "0-1"]
[WhiteElo "1632"]
[BlackElo "1523"]
[PlyCount "58"]
[EventDate "2023.10.12"]
[EventType "swiss"]
[EventRounds "7"]
[EventCountry "BRA"]
[SourceTitle "Mega2024 Update 01"]
[Source "Chessbase"]
[SourceDate "2023.11.12"]
[SourceVersion "1"]
[SourceVersionDate "2023.11.12"]
[SourceQuality "1"]

1. d4 d5 2. Nf3 Nf6 3. Bf4 e6 4. e3 Bd6 5. Bg3 0-0 6. Nbd2 b6 7. Bd3 Bb7 8. Ne5 c5 9. c3 Nc6 10. 0-0 Qc7 11. f4 Ne7 12. Bh4 Ne4 13. Bxe4 dxe4 14. Qg4 Nf5 15. Qh3 Ba6 16. Rf2 cxd4 17. cxd4 f6 18. Nec4 Bxc4 19. Rc1 b5 20. b3 Ba3 21. Rc2 Nxh4 22. Qxh4 e5 23. fxe5 fxe5 24. Rxf8+ Rxf8 25. Qxe4 Qf7 26. Nf3 Bd5 27. Qxe5 Bxf3 28. Rf2 Qg6 29. Rxf3 Rxf3 0-1

[Event "Florianopolis op 9th"]
[Site "Florianopolis"]
[Date "2023.01.29"]
[Round "10"]
[White "Souza, Vitor Gabriel Batis"]
[Black "Do Amaral e Silva, Larissa Blue"]
[Result "1/2-1/2"]
[WhiteElo "1800"]
[BlackElo "1378"]
[PlyCount "62"]
[EventDate "2023.01.23"]
[EventType "swiss"]
[EventRounds "10"]
[EventCountry "BRA"]
[SourceTitle "CBM 212 Extra"]
[Source "ChessBase"]
[SourceDate "2023.03.31"]
[SourceVersion "1"]
[SourceVersionDate "2023.03.31"]
[SourceQuality "1"]

1. c4 c5 2. g3 g6 3. Bg2 Bg7 4. Nf3 Nc6 5. Nc3 e6 6. e3 d6 7. d4 b6 8. dxc5 Bxc3+ 9. bxc3 bxc5 10. Ne5 Bb7 11. Bxc6+ Bxc6 12. Nxc6 Qc7 13. Qa4 Qd7 14. Qa6 Nf6 15. Na5 0-0 16. 0-0 Rfc8 17. Nb3 Rab8 18. Rd1 Rc6 19. Qa3 Ne4 20. f3 Ng5 21. Kg2 e5 22. e4 Qh3+ 23. Kh1 Nxf3 24. Qb2 Ra6 25. Be3 Qg4 26. Rf1 Qxe4 27. Qg2 Qxe3 28. Qxf3 Qxf3+ 29. Rxf3 Rxb3 30. Raf1 Rb7 31. R1f2 Rab6 1/2-1/2

[Event "Florianopolis op 9th"]
[Site "Florianopolis"]
[Date "2023.01.26"]
[Round "5"]
[White "Ferreira de Souza, Ricardo"]
[Black "Souza, Vitor Gabriel Batis"]
[Result "0-1"]
[WhiteElo "1365"]
[BlackElo "1800"]
[PlyCount "98"]
[EventDate "2023.01.23"]
[EventType "swiss"]
[EventRounds "10"]
[EventCountry "BRA"]
[SourceTitle "CBM 212 Extra"]
[Source "ChessBase"]
[SourceDate "2023.03.31"]
[SourceVersion "1"]
[SourceVersionDate "2023.03.31"]
[SourceQuality "1"]

1. e4 c5 2. Nf3 Nc6 3. Bc4 e6 4. 0-0 d5 5. exd5 exd5 6. Re1+ Be7 7. Bb5 a6 8. Bxc6+ bxc6 9. d3 Nf6 10. Ne5 Bd7 11. Bg5 0-0 12. Nc3 h6 13. Bd2 Bd6 14. Bf4 Rb8 15. b3 Bg4 16. Qd2 Qc7 17. d4 Rfe8 18. Bxh6 cxd4 19. Qg5 Bf8 20. Na4 Bh5 21. Nc5 Bg6 22. Nxg6 fxg6 23. Nxa6 Qa5 24. Red1 Qxa6 25. Qxg6 c5 26. Bg5 Qe6 27. h4 Ne4 28. Qh5 Qf5 29. Re1 Be7 30. g4 Qf7 31. Qxf7+ Kxf7 32. Bf4 Ra8 33. h5 Nc3 34. Rec1 Rxa2 35. Rxa2 Nxa2 36. Ra1 Ra8 37. g5 Ra6 38. g6+ Kf6 39. Kg2 Nb4 40. Re1 Re6 41. Rc1 Re2 42. c4 Nd3 43. Ra1 Nxf4+ 44. Kf3 Kg5 45. h6 Kxh6 46. Kxf4 dxc4 47. Kf3 Rc2 48. Ra7 Bf6 49. bxc4 Rxc4 0-1